000 01018cam a2200241 4500
001 ##L134859
008 060907n2006 000 0 eng u
020 _a1853839361
035 _a(Sirsi) u134859
041 0 _aeng
050 0 4 _a333.72 $2 18
100 1 _aTinsley, Stephen
245 0 0 _aEnvironmental management systems
_bunderstanding organizational drivers and barriers
260 _aLondon
_bEarthscan Publications
_c2006
300 _axiii, 176p.
_c24cm.
350 _a33.20
520 _aLooks at issues in relation to Environmental Management Systems (EMS). Discusses the background to their development, their implementation and aspects which can hinder their effectiveness. Offers guidance on ways to optimise the benefits gained from EMS and the modelling tools used to judge their effectiveness. Includes case studies.
590 _aIKA031006
651 4 _aUnited Kingdom
_y
690 _aENVIRONMENTAL AND LAND CONSULTANCY-ENVIRONMENTAL MANAGEMENT
700 1 _aPillai, Ilona
942 _n0
999 _c105821
_d105821